Bayes estimation for the Marshall-Olkin exponential distribution.

Určenie parametrov Marshall-Olkinovej exponenciálnej distribúcie na základe ľubovoľných vzoriek sériových a paralelných systémov i vyhodnotenie funkcií spoľahlivosti. Teoretické odvodenie asymptotického zisku paralelných odhadov oproti sériovým.

Guardado en:
Detalles Bibliográficos
Autor principal: Pena, E.A
Otros Autores: Gupta, A.K
Formato: Capítulo de libro
Lenguaje:inglés
Materias:
Etiquetas: Agregar Etiqueta
Sin Etiquetas, Sea el primero en etiquetar este registro!

MARC

LEADER 00000naa a2200000 4500
001 r006176
005 20220819193717.2
041 0 |a eng 
044 |a GB 
245 1 0 |a Bayes estimation for the Marshall-Olkin exponential distribution.  |c E.A. Pena, A.K. Gupta 
520 |a Určenie parametrov Marshall-Olkinovej exponenciálnej distribúcie na základe ľubovoľných vzoriek sériových a paralelných systémov i vyhodnotenie funkcií spoľahlivosti. Teoretické odvodenie asymptotického zisku paralelných odhadov oproti sériovým. 
610 2 0 |a metódy matematicko-štatistické 
610 2 0 |a rozdelenie pravdepodobnosti 
610 2 0 |a odhad štatistický 
100 1 |a Pena, E.A. 
700 1 |a Gupta, A.K.